Catálogo

Darwin, Teilhard de Chardin y los otros : (Registro nro. 25236)

Detalles MARC
000 -LEADER
fixed length control field 01487cam a2200373 i 4500
001 - CONTROL NUMBER
control field 25236
003 - CONTROL NUMBER IDENTIFIER
control field Mx-PuUPA
005 - DATE AND TIME OF LATEST TRANSACTION
control field 20250924150849.0
008 - FIXED-LENGTH DATA ELEMENTS--GENERAL INFORMATION
fixed length control field 140415s2010 ag gr 000 0 spa d
020 ## - INTERNATIONAL STANDARD BOOK NUMBER
International Standard Book Number 9789871297368
040 ## - CATALOGING SOURCE
Original cataloging agency Mx-PuUPA
Language of cataloging spa
Transcribing agency Mx-PuUPA
Modifying agency Mx-PuUPA
Description conventions rda
041 1# - LANGUAGE CODE
Language code of text/sound track or separate title spa
Language code of original ita
100 1# - MAIN ENTRY--PERSONAL NAME
Personal name Galleni, Lodovico,
Relator term autor
9 (RLIN) 17425
240 10 - UNIFORM TITLE
Uniform title Darwin, Teilhard de Chardin e gli altri.
Language of a work Español
245 10 - TITLE STATEMENT
Title Darwin, Teilhard de Chardin y los otros :
Remainder of title las tres teorías de la evolución /
Statement of responsibility, etc. Ludovico Galleni ; traducción, Néstor Saporiti,
250 ## - EDITION STATEMENT
Edition statement 1a edición
264 #1 - PRODUCTION, PUBLICATION, DISTRIBUTION, MANUFACTURE, AND COPYRIGHT NOTICE
Place of production, publication, distribution, manufacture Buenos Aires, República Argentina :
Name of producer, publisher, distributor, manufacturer Editorial Epifanía,
Date of production, publication, distribution, manufacture, or copyright notice 2010
300 ## - PHYSICAL DESCRIPTION
Extent 149 páginas ;
Dimensions 20 cm
336 ## - CONTENT TYPE
Fuente rdacontent
Content type term texto
Content type code txt
337 ## - MEDIA TYPE
Source rdamedia
Media type term sin medio
Media type code n
338 ## - CARRIER TYPE
Source rdacarrier
Carrier type term volumen
Carrier type code nc
490 0# - SERIES STATEMENT
Series statement Ciencia y religión en diálogo
600 14 - SUBJECT ADDED ENTRY--PERSONAL NAME
Personal name Darwin, Charles Robert
Dates associated with a name 1809-1882
General subdivision Crítica e interpretación
600 14 - SUBJECT ADDED ENTRY--PERSONAL NAME
Personal name Teilhard de Chardin, Pierre S. J.,
Dates associated with a name 1881-1955
General subdivision Crítica e interpretación
650 #7 - SUBJECT ADDED ENTRY--TOPICAL TERM
9 (RLIN) 13986
Source of heading or term armarc
Topical term or geographic name entry element Evolución (Biología)
General subdivision Filosofía
650 #7 - SUBJECT ADDED ENTRY--TOPICAL TERM
Source of heading or term armarc
Topical term or geographic name entry element Evolución
General subdivision Filosofía
650 #7 - SUBJECT ADDED ENTRY--TOPICAL TERM
Source of heading or term armarc
Topical term or geographic name entry element Religión y ciencia
700 1# - ADDED ENTRY--PERSONAL NAME
Personal name Saporiti, Néstor,
Relator term traductor
765 0# - ORIGINAL LANGUAGE ENTRY
Main entry heading Ludovico, Galleni
Title Darwin, Teilhard de Chardin e gli altri.
Place, publisher, and date of publication Buenos Aires : Editorial Epifanía, 2010
942 ## - ADDED ENTRY ELEMENTS (KOHA)
Source of classification or shelving scheme Dewey Decimal Classification
Koha item type Libro
Classification part 116
Item part G4618
Existencias
Withdrawn status Lost status Source of classification or shelving scheme Damaged status Not for loan Collection code Home library Current library Shelving location Date acquired Source of acquisition Total Checkouts Full call number Barcode Date last seen Price effective from Koha item type
    Dewey Decimal Classification     General Centro de Estudios en Ciencia y Religión Centro de Estudios en Ciencia y Religión Sala general 03/12/2013 Compra   116 G4618 2010 47044 05/01/2026 03/12/2013 Libro